000
00305nam a22001217a 4500
020
_a
9780849378874
082
_a
621.815 SAM
100
_a
Mekid, Samir
_9
69222
245
_a
Introduction to precision machine design and error assessment
260
_a
UK
_b
CRC PRESS
_c
2009
300
_a
330P
942
_c
BK
999
_c
576593
_d
576593